000 00521nam a2200193Ia 4500
005 20250923145958.0
008 008 250917s9999 xx 000 0 eng d
037 _aTextual
040 _aDSWL
_beng
_cDSWL
041 _aeng
_2eng
084 _qDSWL
245 4 _aThe Role of the Women and Family in Human Development
_c by F.I.N.G.O. Conference
260 _aNew Delhi
_b Islamic Republic
_c1996
300 _a132 p.
365 _aINR
_b60.00
925 _g60.00
942 _cTEXL
999 _c1458063
_d1458063